Selections from classical Sanskrit literature /
Gardado en:
| Outros autores: | |
|---|---|
| Formato: | Libro |
| Idioma: | English Sanskrit |
| Publicado: |
London :
Luzac & Co.,
1951.
|
| Subjects: |
| LEADER | 00914nam a2200229 a 4500 | ||
|---|---|---|---|
| 001 | c000161179 | ||
| 003 | CARM | ||
| 005 | 19920428000000.0 | ||
| 008 | 880701s1951 enk b 000 0 eng d | ||
| 019 | 1 | |a 5848074 |5 LACONCORD2021 | |
| 035 | |a (OCoLC)3008209 |5 LACONCORD2021 | ||
| 040 | |a ANL |b eng |c ANL |d ABN-SNR | ||
| 041 | 1 | |a eng |h san | |
| 245 | 1 | 0 | |a Selections from classical Sanskrit literature / |c with English translation and notes by John Brough. |
| 260 | |a London : |b Luzac & Co., |c 1951. | ||
| 300 | |a viii, 157 p. ; |c 22 cm. | ||
| 504 | |a Includes bibliographical references. | ||
| 650 | 0 | |a Sanskrit literature |x Translations into English. | |
| 700 | 1 | |a Brough, John, |d 1917-1984. | |
| 852 | 8 | |b CARM |h A2:AJ37A0 |i B04985 |p 0212584 |f BK | |
| 999 | f | f | |i 9cb9f693-f364-5a24-80f3-4c15eb9f198d |s 9d8dc278-53e9-596d-86f8-f6ee5aea93c7 |
| 952 | f | f | |p Can circulate |a CAVAL |b CAVAL |c CAVAL |d CARM 1 Store |e B04985 |f A2:AJ37A0 |h Other scheme |i book |m 0212584 |